000
00293nam a22001217a 4500
008
230629b xxu||||| |||| 00| 0 eng d
082
_a
333.72
_b
CON
100
_c
CON
245
_a
Conservation and the Environment in Namibia
260
_a
Namibia
_b
CON
_c
2002
300
_a
56p
942
_2
ddc
_c
BK
999
_c
2945
_d
2945